Szczegóły MARC21

Ocena efektywności inwestycji /

005 -DATA I CZAS OSTATNIEJ MODYFIKACJI [,]
    • @
    • pole kontrolne
    • 20090202123444.0
020 -Międzynarod. znormalizowany nr książki - ISBN [ , ]
    • a
    • Numer ISBN
    • 9788370119126 Find
040 -Instytucja sporządzająca opis [ , ]
    • a
    • Instytucja, która sporządziła opis (NP)
    • SZCZ U/KLR
    • c
    • Instytucja, która sporządziła rekord (NP)
    • SZCZ U/KLR
    • d
    • Instytucja, która zmodyfikowała rekord (P)
    • SZCZ U/JŚ
041 -Język dokumentu [0, ]
    • a
    • Język tekstu (P)
    • polski
044 -Kraj miejsca wydania [ , ]
    • a
    • Kraj miejsca wydania
    • Polska
942 -Rodzaj dokumentu [ , ]
    • c
    • Rodzaj dokumentu
    • Książka
245 -Strefa tytułu i oznaczenia odpowiedzialności [0,0]
    • a
    • Tytuł
    • Ocena efektywności inwestycji / Find
    • c
    • Pozostałe elementy strefy tytułu i oznaczenia odpowiedzialności (NP)
    • pod red. Stefana Wrzoska.
260 -Strefa adresu wydawniczego [ , ]
    • a
    • Miejsce wydania (P)
    • Wrocław :
    • b
    • Nazwa wydawcy (P)
    • Wydawnictwo Uniwersytetu Ekonomicznego,
    • c
    • Data wydania (P)
    • 2008.
300 -Strefa opisu fizycznego [ , ]
    • a
    • Określenie formy książki i/lub objętość (NP)
    • 234 s. :
    • b
    • Oznaczenie ilustracji (NP)
    • il. ;
    • c
    • Format (NP)
    • 24 cm.
504 -Uwaga dot. bibliogr. załącznikowej [ , ]
    • a
    • Uwaga dot. bibliografii załącznikowej
    • Bibliogr.
080 -Uniwersalna Klasyfikacja Dziesiętna [ , ]
    • 2
    • Identyfikator wydania tablic
    • UDC-P058
    • a
    • Symbol klasyfikacji
    • 330.322.5
    • b
    • Dopowiedzenie
    • Rentowność, efektywność inwestycji. Kalkulacja kosztów inwestycji. Mierzenie efektywności inwestycji.
980 -Symbol UKD [ , ]
    • a
    • UKD
    • 330.322.5
700 -Hasło dodatkowe - nazwa osobowa [1, ]
    • a
    • Nazwa osobowa (NP)
    • Wrzosek, Stefan. Find
    • e
    • Określenie rodzaju współpracy
    • Red.
920 -ISBN [ , ]
    • a
    • ISBN
    • 978-83-7011-912-6 Find
Sygnatura Numer inwentarzowy Status udost. Lokalizacja Data inwentaryzacji
T.10352T.10352-2T2009-01-14
 TM.6198-2T2009-01-14
 TM.6661-3T2009-06-24
 TM.6662-3T2009-06-24
 TM.6663-3T2009-06-24
 TM.7221-3T2010-05-26